Rwanda : Fourth Review of the Policy Coordination Instrument and Request of an Extension of the Policy Coordination Instrument-Press Release; Staff Report; and Statement by the Executive Director for Rwanda.

Recent economic developments. Despite a sizeable policy response, the COVID-19 pandemic continues to impact Rwanda's economy and social fabric, with output contracting by 3.4 percent in 2020. The vaccine rollout is expected to help counter the pandemic and support the economic recovery, but ris...

ver descrição completa

Detalhes bibliográficos
Autor Corporativo: International Monetary Fund. African Dept
Formato: Periódico
Idioma:English
Publicado em: Washington, D.C. : International Monetary Fund, 2021.
Colecção:IMF Staff Country Reports; Country Report ; No. 2021/164
Assuntos:
Acesso em linha:Full text available on IMF
LEADER 02122cas a2200301 a 4500
001 AALejournalIMF021896
008 230101c9999 xx r poo 0 0eng d
020 |c 5.00 USD 
020 |z 9781513589367 
022 |a 1934-7685 
040 |a BD-DhAAL  |c BD-DhAAL 
110 2 |a International Monetary Fund.  |b African Dept. 
245 1 0 |a Rwanda :   |b Fourth Review of the Policy Coordination Instrument and Request of an Extension of the Policy Coordination Instrument-Press Release; Staff Report; and Statement by the Executive Director for Rwanda. 
264 1 |a Washington, D.C. :  |b International Monetary Fund,  |c 2021. 
300 |a 1 online resource (84 pages) 
490 1 |a IMF Staff Country Reports 
500 |a <strong>Off-Campus Access:</strong> No User ID or Password Required 
500 |a <strong>On-Campus Access:</strong> No User ID or Password Required 
506 |a Electronic access restricted to authorized BRAC University faculty, staff and students 
520 3 |a Recent economic developments. Despite a sizeable policy response, the COVID-19 pandemic continues to impact Rwanda's economy and social fabric, with output contracting by 3.4 percent in 2020. The vaccine rollout is expected to help counter the pandemic and support the economic recovery, but risks remain elevated. While progress was made in several reform areas, some envisaged reforms are being delayed. The authorities requested the extension of the program by one year to make progress on ongoing reforms and policies to support the economic recovery and meet their fiscal consolidation and debt objectives. Rwanda received debt relief under the third tranche of the Catastrophe Containment and Relief Trust (CCRT). 
538 |a Mode of access: Internet 
650 7 |a International Agreements  |2 imf 
650 7 |a International Organizations  |2 imf 
650 7 |a Monetary Policy  |2 imf 
650 7 |a Observance  |2 imf 
651 7 |a Rwanda  |2 imf 
830 0 |a IMF Staff Country Reports; Country Report ;  |v No. 2021/164 
856 4 0 |z Full text available on IMF  |u http://elibrary.imf.org/view/journals/002/2021/164/002.2021.issue-164-en.xml  |z IMF e-Library